| 000 | 00833nam a2200301Ia 4500 | ||
|---|---|---|---|
| 001 | 7843 | ||
| 005 | 20240113234037.0 | ||
| 007 | ta | ||
| 008 | 050713s1975 g b000 u eng u | ||
| 020 | _cHB | ||
| 040 | _aCotton College,Assam | ||
| 041 | _aeng | ||
| 082 |
_a322.3 _bH 256 M |
||
| 100 | _aHartman, R.I. . | ||
| 245 | 0 |
_aModern Business Administration / _cR.I. Hartman, T.P. Hogan & J.T. Wholihan. _hTextual Documents |
|
| 250 | _a1st ed. / | ||
| 260 |
_aBombay : _bD.B. Taraporevala Sons & Co , _c1975. |
||
| 300 |
_a421p. ; _c25cm. |
||
| 653 | _aPolitical Science | ||
| 653 | _aBusiness administration | ||
| 653 | _aAdministration-business | ||
| 653 | _aPG-Political Science | ||
| 700 | _aHogan, T.P. . | ||
| 700 | _aWholihan, J.T.. | ||
| 942 |
_2ddc _cBK |
||
| 999 |
_c7830 _d7830 |
||